000 00589nam a2200169 a 4500
001 000039186
005 20260305073959.0
008 130606s2013 dr ac 000 0 spa d
020 _a9789945007435
040 _aDO-SdBNP
_bspa
_cBNPHU
100 1 _aGerón, Candido,
_d1948-
_93577
245 1 0 _aHatuey Decamps Jiménez :
_bsu legado político /
_cCándido Gerón.
260 _aSanto Domingo :
_aCentenario,
_c2013.
300 _a237 p. :
_bil., retrs. ;
_c23 cm.
500 _aIncluye datos biográficos del autor en la solapa de la cubierta
500 _aIncluye notas al pie de las páginas
999 _c38676
_d38676